Les végétaux dans le calendrier républicain - Eté - - Statistiques

Statistiques générales
  • Ce quiz a été pris 18 fois
  • Le résultat moyen est 27 sur 71
Statistiques - réponses
Date Initiale Indice Réponse % Correct
13 messidor G On consomme le clou Girofle
100%
3 messidor O Fait pleurer Oignon
100%
29 messidor B Reine des céréales Blé
93%
7 messidor C Gros cornichon Concombre
87%
14 fructidor N de cajou ? Noix
87%
16 messidor T Se fume Tabac
87%
2 messidor A Plait aux chevaux Avoine
80%
17 messidor G Petit fruit en grappes Groseille
80%
23 messidor H vert ou sec Haricot
80%
23 fructidor H Indispensable à la bière Houblon
80%
21 messidor M Poivrée ou citronnée Menthe
80%
22 fructidor N "Petite noix" Noisette
80%
1er fructidor P Reine claude par exemple Prune
80%
13 thermidor A Fruit orange Abricot
73%
19 messidor C Fruit rouge à noyau Cerise
73%
8 messidor E Typre d'oignon Echalote
73%
28 thermidor L Fleur d'Arsène Lupin
73%
11 fructidor P Melon d'eau Pastèque
73%
9 fructidor R On apprécie ses bâtons Réglisse
73%
16 fructidor C Agrume Citron
67%
29 fructidor M Fruit du châtaignier Marron
67%
9 thermidor M Petit fruit noir Mûre
67%
27 messidor A des ours ou non Ail
60%
11 messidor C Persil arabe Coriandre
60%
17 thermidor L On le file Lin
60%
27 thermidor C On en fait de l'huile Colza
53%
14 messidor L Plante odorante Lavande
53%
3 thermidor M Fruit de Carpentras Melon
53%
1er messidor S Céréale Seigle
53%
18 thermidor A Fruit sec allongé Amande
47%
29 thermidor C On le file Coton
47%
22 messidor C Epice orientale Cumin
47%
4 messidor V Prénom et plante Véronique
47%
12 fructidor F Au goût d'anis Fenouil
40%
4 thermidor I A séparer du bon grain Ivraie
40%
12 messidor A On mange les feuilles Artichaut
33%
1er thermidor E Blé des Gaulois Epeautre
33%
23 thermidor L Spécialité du Puy Lentille
33%
6 messidor R Arbuste méditerranéen Romarin
33%
2 fructidor M Plait aux oiseaux Millet
27%
26 messidor S Antiseptique naturel Sauge
27%
9 messidor A Se buvait Absinthe
20%
21 fructidor E Rosier sauvage Eglantier
20%
16 thermidor G Aussi une confiserie Guimauve
13%
28 fructidor M Blé d'Inde au Canada Maïs
13%
26 thermidor M Arbuste sacré Myrte
13%
12 thermidor S Pousse en bord de mer Salicorne
13%
24 fructidor S Se prépare comme du riz Sorgho
13%
7 thermidor A Stimule l'appétit Armoise
7%
17 fructidor C Genre de chardon Cardère
7%
19 thermidor G Liqueur ? Gentiane
7%
19 fructidor T Oeillet d'Inde Tagette
7%
28 messidor V Bon engrais vert Vesce
7%
8 fructidor A Fleurs en clochettes Apocyn
0%
24 thermidor A Soigne les poumons Aunée
0%
14 thermidor B Oranger des savetiers Basilic
0%
26 fructidor B Orange amère Bigarade
0%
22 thermidor C On mange ses graines Câprier
0%
21 thermidor C Herbacée voisine des chardons Carline
0%
8 thermidor C Cousine du chardon Carthame
0%
13 fructidor EV Calme la goutte Epine Vinette
0%
4 fructidor E Orge d'hiver Escourgeon
0%
18 messidor G Pois carrée Gesse
0%
3 fructidor L Vesse de loup Lycoperdon
0%
18 fructidor N Arbuste de haie Nerprun
0%
24 messidor O Plante colorante Orcanette
0%
11 thermidor P Céréale Panis
0%
6 thermidor P ...des champs Prêle
0%
7 fructidor S Soucrillon Sucrion
0%
6 fructidor T Agave Tubéreuse
0%
27 fructidor VDO Solidago Verge d'or
0%
Aucun quiz correspondant
Distribution des résultats
% des personnes avec chaque résultat
Percentile par nombre de réponses
Votre historique - résultats
Vous n’avez pas pris ce quiz